Longest Metallica Songs - Statistics

General Stats
  • This quiz has been taken 40 times
  • The average score is 8 of 15
Answer Stats
Hint Answer % Correct
Master of Puppets Master of Puppets
91%
Master of Puppets Orion
77%
...And Justice For All ...And Justice For All
71%
Master of Puppets Disposable Heroes
60%
Ride The Lightning The Call of Ktulu
60%
...And Justice For All To Live Is To Die
57%
72 Seasons Inamorata
54%
Load The Outlaw Torn
51%
Death Magnetic Suicide & Redemption
46%
St. Anger Some Kind of Monster
40%
ReLoad Fixxxer
37%
St. Anger All Within My Hands
34%
Load Bleeding Me
31%
St. Anger Invisible Kid
29%
Hardwired...To Self-Destruct Halo on Fire
26%
No matching quizzes found
Score Distribution
Percent of People with Each Score
Percentile by Number Answered
Your Score History
You have not taken this quiz